000 00819cab a2200253 4500
001 WB3205-29
008 090401t1996 xxu||||| |||| 00| 0 eng d
035 _a(Sirsi) u14187
041 _aeng
245 _aHomes plan to provide care for elderly
260 _c1996
350 _a0
490 _aIndependent
_v30 January 1996, 7
490 _aGuardian
_v30 January 1996, 7(2)
520 _aThe Institute for Public Policy Research has proposed an equity release scheme that would allow the elderly to use part of the value of their home to cover their long-term care.
650 _aELDERLY PEOPLE
650 _aEQUITY RELEASE SCHEMES
650 _aINSTITUTE FOR PUBLIC POLICY RESEARCH
650 _aNURSING HOMES
650 _aRESIDENTIAL HOMES
690 _aHOUSING
942 _n0
948 _c04/03/1997
999 _c9214
_d9214